|
|
|
|
| LEADER |
00000nam0a2200000 4500 |
| 001 |
339703 |
| 005 |
20231101032841.0 |
| 035 |
|
|
|a (RuTPU)RU\TPU\book\366242
|
| 090 |
|
|
|a 339703
|
| 100 |
|
|
|a 20180124d1965 km y0rusy50 ca
|
| 101 |
0 |
|
|a rus
|
| 102 |
|
|
|a RU
|
| 105 |
|
|
|a a z 001zy
|
| 200 |
1 |
|
|a Оперативные запоминающие устройства на ферритовых сердечниках и тонких магнитных пленках
|f В. В. Китович
|
| 210 |
|
|
|a Москва
|a Ленинград
|c Энергия
|d 1965
|
| 215 |
|
|
|a 239 с.
|c ил.
|
| 320 |
|
|
|a Библиогр.: с. 233-236
|
| 333 |
|
|
|a Исключено из фонда НТБ ТПУ
|
| 675 |
|
|
|a 681.327.2
|v 4
|
| 700 |
|
1 |
|a Китович
|b В. В.
|g Всеволод Васильевич
|
| 801 |
|
1 |
|a RU
|b 63413507
|c 20180124
|
| 801 |
|
2 |
|a RU
|b 63413507
|c 20220412
|g RCR
|
| 942 |
|
|
|c BK
|